| 000 | 00706nam a22002537a 4500 | ||
|---|---|---|---|
| 003 | OSt | ||
| 005 | 20140310181743.0 | ||
| 008 | 130131t xxu||||| |||| 00| 0 eng d | ||
| 020 | _a9715843557 | ||
| 050 |
_aPL6051 _bAn635 2003 |
||
| 082 |
_aFIL 150 _bSi3 2003 |
||
| 245 |
_aSikolohiya ng Wikang Filipino _b(mga simulain, pamamaraan at nilalaman) _cLilia F. Antonio, Ligaya Tiamson-Rubin, mga editor |
||
| 260 |
_aManila _bC & E Publishing _c2003 |
||
| 300 |
_a254 p. _bill. _c22 cm. |
||
| 521 | _aCollege | ||
| 526 | _c1210L-1700L | ||
| 541 | _j1 | ||
| 541 | _j2 | ||
| 541 | _j3 | ||
| 541 | _j4 | ||
| 541 | _j5 | ||
| 562 | _e5 | ||
| 942 |
_2lcc _cBK-FIL _kFIL |
||
| 999 |
_c2867 _d2867 |
||